[Event "Polanica Zdroj op-D 47th"]
[Site "Polanica Zdroj"]
[Date "2011.08.28"]
[Round "9"]
[White "Borkowski, Miroslaw"]
[Black "Frej, Zofia"]
[Result "0-1"]
[WhiteElo "1874"]
[BlackElo "1465"]
[PlyCount "52"]
[EventDate "2011.08.20"]
[EventType "swiss"]
[EventRounds "9"]
[EventCountry "POL"]
[SourceTitle "EXT 2014"]
[Source "ChessBase"]
[SourceDate "2013.11.20"]
[SourceVersion "1"]
[SourceVersionDate "2013.11.20"]
[SourceQuality "1"]

1. Nf3 d5 2. d4 e6 3. g3 c5 4. c3 Nf6 5. Bg2 Bd6 6. 0-0 0-0 7. Bg5 Nc6 8. e3 h6 9. Bxf6 Qxf6 10. Nbd2 b6 11. Re1 Bb7 12. e4 cxd4 13. exd5 exd5 14. c4 dxc4 15. Nxc4 Bc5 16. b3 Rfe8 17. Nfd2 d3 18. Nf3 Nd4 19. Qxd3 Nxf3+ 20. Bxf3 Qxf3 21. Qxf3 Bxf3 22. Ne5 Rxe5 23. Rxe5 Bd4 24. Rae1 Bxe5 25. Rxe5 Rd8 26. h4 Rd1+ 0-1

[Event "Polanica Zdroj op-D 47th"]
[Site "Polanica Zdroj"]
[Date "2011.08.25"]
[Round "6"]
[White "Zielinski, Marcin"]
[Black "Borkowski, Miroslaw"]
[Result "1-0"]
[WhiteElo "1573"]
[BlackElo "1874"]
[PlyCount "103"]
[EventDate "2011.08.20"]
[EventType "swiss"]
[EventRounds "9"]
[EventCountry "POL"]
[SourceTitle "EXT 2014"]
[Source "ChessBase"]
[SourceDate "2013.11.20"]
[SourceVersion "1"]
[SourceVersionDate "2013.11.20"]
[SourceQuality "1"]

1. e4 g6 2. d4 d6 3. Nf3 Bg7 4. Bc4 e6 5. c3 c6 6. Bb3 d5 7. Nbd2 Ne7 8. exd5 cxd5 9. 0-0 0-0 10. Re1 Nbc6 11. Bc2 a6 12. a4 Bd7 13. Nb3 Be8 14. Bf4 b5 15. axb5 axb5 16. Qd2 Na5 17. Nxa5 Rxa5 18. Bh6 Nc6 19. Bxg7 Kxg7 20. b4 Ra8 21. Bd3 Ne7 22. Ne5 Nf5 23. Bxf5 exf5 24. Nd3 Bd7 25. Nc5 Bc6 26. f3 Re8 27. Rxa8 Rxe1+ 28. Qxe1 Bxa8 29. Qe5+ Qf6 30. Qe8 Bc6 31. Nd7 Bxd7 32. Qxd7 Qe6 33. Qxe6 fxe6 34. f4 h5 35. Kf2 Kf6 36. Kg3 g5 37. fxg5+ Kxg5 38. h4+ Kg6 39. Kf4 Kf6 40. g3 Kg6 41. Ke5 Kf7 42. Kd6 Kf6 43. Kc5 f4 44. gxf4 Kf5 45. Kxb5 Kxf4 46. Kc6 Kg4 47. b5 Kxh4 48. b6 Kg3 49. b7 h4 50. b8Q+ Kg2 51. Qg8+ Kf2 52. Qg4 1-0

[Event "Polanica Zdroj op-D 47th"]
[Site "Polanica Zdroj"]
[Date "2011.08.23"]
[Round "4"]
[White "Norov, Artem"]
[Black "Borkowski, Miroslaw"]
[Result "1/2-1/2"]
[WhiteElo "1626"]
[BlackElo "1874"]
[PlyCount "38"]
[EventDate "2011.08.20"]
[EventType "swiss"]
[EventRounds "9"]
[EventCountry "POL"]
[SourceTitle "EXT 2014"]
[Source "ChessBase"]
[SourceDate "2013.11.20"]
[SourceVersion "1"]
[SourceVersionDate "2013.11.20"]
[SourceQuality "1"]

1. d4 d5 2. c4 c6 3. Nf3 Nf6 4. Nc3 g6 5. e3 Bg7 6. Bd3 Bg4 7. 0-0 0-0 8. h3 Bxf3 9. Qxf3 e6 10. b3 Nbd7 11. Bb2 a6 12. Rfd1 Re8 13. e4 dxe4 14. Nxe4 Nxe4 15. Bxe4 Nf6 16. Bc2 Qc7 17. Rd3 Nd7 18. Re3 Nb6 19. Rd1 Rad8 1/2-1/2

[Event "Zielona Gora op"]
[Site "Zielona Gora"]
[Date "2006.09.23"]
[Round "2"]
[White "Borkowski, Miroslaw"]
[Black "Kukla, Maciej"]
[Result "0-1"]
[WhiteElo "1884"]
[BlackElo "2096"]
[PlyCount "47"]
[EventDate "2006.??.??"]
[EventType "swiss"]
[EventRounds "9"]
[EventCountry "POL"]
[SourceTitle "EXT 2007"]
[Source "ChessBase"]
[SourceDate "2006.11.23"]
[SourceVersion "1"]
[SourceVersionDate "2006.11.23"]
[SourceQuality "1"]

1. Nf3 Nf6 2. g3 g6 3. Bg2 Bg7 4. c4 0-0 5. Nc3 d6 6. 0-0 e5 7. d3 h6 8. Bd2 Be6 9. a3 Nbd7 10. Rb1 c6 11. e4 Nh7 12. Be3 f5 13. Bh3 Ng5 14. Nxg5 hxg5 15. exf5 gxf5 16. Qh5 g4 17. Bg5 Nf6 18. Bxf6 Rxf6 19. Bg2 Rh6 20. Qxh6 Bxh6 21. b4 f4 22. b5 fxg3 23. Bh1 d5 24. bxc6 0-1